| 000 | 00775nam a22001577a 4500 | ||
|---|---|---|---|
| 003 | OSt | ||
| 005 | 20150911104624.0 | ||
| 008 | 150911b xxu||||| |||| 00| 0 eng d | ||
| 040 | _cRUA | ||
| 082 | _aAGR វ៉េង 1995 B014 Or.1 | ||
| 100 |
_9285 _aវ៉េង ហ៊ាង |
||
| 245 | _aឥទ្ធិពលចន្លោះផ្លូវដើរជុំវិញកូនស្រែក្នុងពិសោធន៍ជំរើសទិ្នផលស្រូវស្រាលចំនួនប្រាំពូជនៅមណ្ឌលអភិវឌ្ឍន៍ដីឥដ្ឋ-ស្រែអំបិលនារដូវប្រាំងឆ្នាំ១៩៩៥ | ||
| 260 |
_aPhnom Penh _bRUA _c1995 |
||
| 300 |
_a60p. _bill. _c29cm. |
||
| 942 |
_2ddc _cAGR |
||
| 999 |
_c265 _d265 |
||